| 000 | 01437nam a22002535i 4500 | ||
|---|---|---|---|
| 001 | 165803 | ||
| 003 | ES-MaACL | ||
| 005 | 20250728063135.0 | ||
| 008 | 950206s1748 be |||| | spa d | ||
| 040 |
_aAN _bspa _cCCPB | PA2 |
||
| 100 | 1 |
_aStrada, Famiano, _d1572-1649 _9132919 |
|
| 245 | 1 | 0 |
_aGuerras de Flandes _b: segunda decada, desde el principio del govierno de Alexandro Farnese... / _cescriviólas en latin el R.P. Famiano Estrada de la Compañia de Jesus y las traduxò en romance el R.P. Melchior de Novar, de la misma Compañia ; Tomo II, part. II. |
| 250 | _aNueva edicion, enriquecida con lindissimas estampas, en la qual se enmendaron essenciales erratas. | ||
| 260 |
_aEn Amberes : _bpor Marcos-Miguel Bousquet y compañia, _c1748. |
||
| 300 |
_a[2], p. 353-832, [5] h. de grab. ; _c12" |
||
| 595 | _aMención de ed. precede a: "tomo II, part. II" | ||
| 597 | _aSign.: [ ]1, Q10, R-2M12, 2N1. | ||
| 599 | _aLas h. de grab. calc.: "En casa de Bousquet", dos de ellos retratos, y tres pleg., escenas de batallas. | ||
| 651 | 0 |
_aPaíses Bajos- _xHistoria- _y1556-1648 (Guerras de la Independencia) _9241409 |
|
| 700 | 1 | 1 |
_aNovar, Melchor de _c(S.I.), _d1629-1707 _9130535 |
| 852 |
_aES-MaACL _jR-1497 _z-- Enc. piel _z-- Ex-libris de la Biblioteca del Rey N. Señor _zSello con la leyenda "Inventariado por las Cortes, 1874" _z-- Olim: G-13943-49 |
||
| 999 |
_c165803 _d165803 |
||